000 00423nam a22001817a 4500
005 20250430070820.0
008 250430b |||||||| |||| 00| 0 eng d
020 _a9559553712
082 _222
_a891
100 _aPathirana, Ruwan Monica
245 _aobe ehiliya heya keniya
250 _a2nd
260 _aNugegoda
_bDeepani Publishers
_c1995
300 _a62 p .,
650 _aPoems
650 _aWomen
942 _cL
999 _c6032
_d6032